Las fuentes del Derecho Financiero en la Comunidad Autonoma del Pais Vasco

Detalles Bibliográficos
Autor principal: Rodrigo Ruiz, Marco A
Formato: Desconocido
Lenguaje:español
Publicado: [Madrid] : Edersa, 2006
Materias:
Acceso en línea:Acceso restringido

MARC

LEADER 00000ny a22000003n 4500
005 20110520123549.0
008 080624s2006 sp s 000 0 spa c
020 |a 8484941019 
035 |a 1643 
040 |a UMA.RE  |d vLex 
080 |a 347.7:351.72(460.15)(0.034) 
080 |a 351.72:347.7(460.15)(0.034) 
090 |c 99  |d 99 
100 1 |a Rodrigo Ruiz, Marco A 
245 1 4 |a Las fuentes del Derecho Financiero en la Comunidad Autonoma del Pais Vasco  |h [Recurso electrn̤ico]  |c Marco A. Rodrigo Ruiz 
256 |a Servicio en ln̕ea 
260 |a [Madrid] :  |b Edersa,  |c 2006 
506 1 |a Contenido solo disponible en los productos indicados  |d vLex Global  |d vLex Global (Academic Edition, excluding Law Schools)  |d vLex Global (U.S. Academic Edition, Law Schools)  |d vLex Global (U.S. Academic Edition, excluding Law Schools)  |d vLex Global (Academic Edition, Law Schools) 
650 0 7 |a Tributario  |2 Tesauro vLex 
650 0 7 |a Derecho foral  |2 Tesauro vLex 
740 0 |a vLex Libros (Servicios en ln̕ea) 
856 4 0 |u http://vlex.com/source/1643  |z Acceso restringido 
942 |c BOOK 
999 0 |a Financial Law   |z Pas̕ Vasco  |v En ln̕ea